Normal view
MARC view
- Sustainable buildings
Entry Topical Term
001 - CONTROL NUMBER
- control field: 120406
003 - CONTROL NUMBER IDENTIFIER
- control field: NUST
005 - DATE AND TIME OF LATEST TRANSACTION
- control field: 20240214154614.0
008 - FIXED-LENGTH DATA ELEMENTS
- fixed length control field: 240214|| aca||aabn | a|a d
040 ## - CATALOGING SOURCE
- Original cataloging agency: NUST
- Transcribing agency: NUST
150 ## - HEADING--TOPICAL TERM
- Topical term or geographic name entry element: Sustainable buildings
- Geographic subdivision: China
- Form subdivision: Exhibitions
670 ## - SOURCE DATA FOUND
- Source citation: Work cat.: (NUST): Contemporary green buildings in China : , c2010.
